Οδηγός μεθοδολογίας για τις κοινωνικές έρευνες
Saved in:
| Main Author: | |
|---|---|
| Format: | Book |
| Language: | Greek |
| Published: |
Αθήνα :
Παπαζήσης,
2015.
|
| Subjects: | |
| Tags: |
Add Tag
No Tags, Be the first to tag this record!
|
MARC
| LEADER | 00000cam a2200000 a 4500 | ||
|---|---|---|---|
| 001 | 1/108428 | ||
| 008 | 150907s2015####gr | ||| |||| ||gre|| | ||
| 020 | |a 9789600230994 | ||
| 040 | |a GR-MyUa |b gre |c GR-MyUa |e AACR2 | ||
| 041 | 0 | |a gre | |
| 082 | 7 | |a 301.072 |2 (23) | |
| 100 | 1 | |a Δουλκέρη, Τέσσα. | |
| 245 | 1 | 0 | |a Οδηγός μεθοδολογίας για τις κοινωνικές έρευνες / |c Τέσσα Δουλκέρη. |
| 260 | |a Αθήνα : |b Παπαζήσης, |c 2015. | ||
| 300 | |a 79 σ. : |b σχήμ. ; |c 21 εκ. | ||
| 504 | |a Περιλαμβάνει βιβλιογραφικές παραπομπές. | ||
| 650 | 0 | |a Sociology |x Research. | |
| 650 | 0 | |a Sociology |x Methodology. | |
| 852 | |a INST |b RHODES |e 20150907 |h 301.072 ΔΟΥ |p 005400038004 |q 005400038004 |t BK |y 0 | ||
| 970 | |z 07-09-2015 | ||